| 000 | 00537nam a22002057a 4500 | ||
|---|---|---|---|
| 003 | OSt | ||
| 005 | 20140310183051.0 | ||
| 008 | 130228t xxu||||| |||| 00| 0 eng d | ||
| 020 | _a9789715846905 | ||
| 050 |
_aHF 5636 _b.On58At 2008 |
||
| 100 | _aOng, Flocer Lao | ||
| 245 |
_aFundamentals of accounting : textbook for beginners / _c Flocer Lao Ong |
||
| 260 |
_aQuezon City ; _b C & E Pub, _c2008. |
||
| 300 |
_a124 p. : _c26 cm. |
||
| 521 | _aBSA | ||
| 562 | _e2 | ||
| 942 |
_2lcc _cBK _kLOC |
||
| 999 |
_c18656 _d18656 |
||